| 000 | 02507nam a2200313 i 4500 | ||
|---|---|---|---|
| 001 | 000011490 | ||
| 003 | DO-SdBNP | ||
| 005 | 20250401144322.0 | ||
| 007 | ta | ||
| 008 | 091019s2003 dr 000 0 spa d | ||
| 040 |
_aDO-SdBNP _bspa _cBNPHU _erda |
||
| 041 | _aspa | ||
| 082 | 4 |
_aRD862.44 _bR426d _222 |
|
| 111 | 2 |
_aConcurso Nacional de Dramaturgia Express _n(1ro. : _d2003 : _cSanto Domingo, República Dominicana) _927196 |
|
| 245 | 1 | 0 |
_aXI marzo teatral 2003 / _cprólogo, Henry Mercedes Vales. |
| 246 | 1 | 4 | _aUndécimo marzo teatral 2003 |
| 264 |
_aSanto Domingo : _bSecretaría de Estado de Cultura, _c2003. |
||
| 300 |
_a255 páginas ; _c19 cm. |
||
| 336 |
_atexto _btxt _2rdacontent |
||
| 337 |
_a sin mediación _bn _2rdamedia |
||
| 338 |
_avolumen _bnc _2rdacarrier |
||
| 505 | 2 |
_aPresentación - Tony Raful _tReflexión y joven dramaturgia / _rGiovanny Cruz Durán -- _tMarzo teatral, un evento con historia / _rRafael Villalona -- _tEl teatro nuestro de cada día / _rKarina Noble -- _tDía internacional del teatro, proclama / _rCarlos Esteban Deive -- _tPRIMER CONCURSO NACIONAL DE DRAMATURGIA EXPRESS 2003 -- _tBases del concurso -- _tVeredicto del jurado -- _tPrólogo -- _rHenry Mercedes Vales -- _tMedea / _rDiógenes Lamarche, primer premio -- _tVariaciones para Medea / _rHamlet Bodden. Primera mención accesist a premio _tEl placer de la noche / _rEdith J. Parra Abreu. Segunda mención accesist a premio -- _tMedea / _rJorge Mendoza. 3ª mención -- _tHecatombe de la patria / _rMerylois Piantini. 4ª mención -- _tJuicio a Medea / _rJulio Joseph 5ª mención -- _tMariposa 13 / _rAna María Ventura. 6ª mención -- _tLa trampa / _rJohanna González, 7ª mención -- _tA oscuras / _rCanek Dennis Fernández, 8ª mención -- _tSeñora tres cuartos / _rPavel Marcano, 9º mención -- _tHUELLAS DEL TEATRO DOMINICANO. XI marzo teatral. Encuentros teóricos / _tPresentación de Claudio Rivera -- _tGesetión teatral -- _tFormación teatral -- _tCreación teatral -- _tPatrocinio privado -- _tLOS CAMINOS DE LA CREACION TEATRAL EN REPUBLICA DOMINICANA. II muestra dominicana de teatro de CODARTE 2001 -- _tPresentación Fernando Castillo -- _tPrólogo Marylin Garbey _tFormación teatral -- _tPuesta en escena -- _tActuación -- _tDramaturgia |
|
| 590 | _aInventariado, 2023 /LP | ||
| 650 | 0 |
_aTeatro dominicano _9637 |
|
| 650 | 0 |
_aLiteratura dominicana. _967 |
|
| 700 | 1 |
_aMercedes Vales, Henry, _eprologuista _4pr. _927197 |
|
| 710 | 1 |
_a República Dominicana. _b Secretaría de Estado de Cultura _96453 |
|
| 942 |
_2ddc _cLBS1 |
||
| 999 |
_c11191 _d11191 |
||